| 000 | 01660nam a2200421 i 4500 | ||
|---|---|---|---|
| 003 | CO-BoRNBP | ||
| 005 | 20220317001737.0 | ||
| 007 | ta | ||
| 008 | 210830r19942016ck a br 000 fdspa d | ||
| 020 |
_a9789580426974 _q(Libro) |
||
| 020 |
_a958042697X _q(Libro) |
||
| 020 |
_a9789584540003 _q(Folleto) |
||
| 040 |
_aCO-BoRNBP _bspa _erda _cCO-BoRNBP |
||
| 041 | 1 |
_aspa _hger |
|
| 043 | _ae-au--- | ||
| 084 | _aN NOS1 | ||
| 100 | 1 |
_aNöstlinger, Christina, _d1936-2018 _eautora |
|
| 245 | 1 | 0 |
_aFranz se mete en problemas de amor _cChristine Nöstlinger ; traducción de Juan José de Narváez ; ilustraciones de Erhard Dietl |
| 250 |
_aPrimera edición _bImpresión |
||
| 264 | 1 |
_aBogotá, Colombia _bEdiciones Norma _bEducactiva _c1994 _c2015 _c2015 _c2016 |
|
| 300 |
_a76 páginas _bilustraciones _c20 cm _e1 folleto |
||
| 336 |
_atexto _btxt _2rdacontent |
||
| 337 |
_asin mediación _bn _2rdamedia |
||
| 338 |
_avolumen _bnc _2rdacarrier |
||
| 490 | 0 | _aTorre de papel. Roja | |
| 500 | _aEl folleto acompañante es un cuaderno de actividades | ||
| 521 | _aRecomendado para un público infantil mayor de 6 años | ||
| 534 | _tLiebesgeschichten vom Franz | ||
| 545 | _aIncluye datos biográficos de la autora en la contracarátula | ||
| 586 | _aAutora galardonada con el Premio Hans Christian Andersen, 1984 | ||
| 650 | 1 | 7 |
_aNovela infantil austriaca _ySiglo XX _2LEMB |
| 650 | 1 | 7 |
_aLiteratura infantil austriaca _ySiglo XX _2LEMB |
| 650 | 1 | 7 |
_aAutores austriacos _ySiglo XX _2LEMB |
| 650 | 1 | 7 |
_aAmor _vNovela _2LEMB |
| 700 | 1 |
_aDietl, Erhard, _d1953- , _eilustrador _99717 |
|
| 700 | 1 |
_aNarváez, Juan José de, _etraductor _9200704 |
|
| 942 |
_2loc _cBKLIT |
||
| 999 |
_c7937 _d7937 |
||